000 03068nam a2200325 a 4500
001 45025
003 BD-RjUL
005 20211209053942.0
008 161108m19941987ii ||||| b||| 00| 0 ben d
020 _a8170740223 (V-2)
_c: IRs.90.00
020 _a8170740355 (V-3)
_c: IRs.140.00
020 _a8170740592 (v-4)
_c : IRs.150.00
020 _a8170740789 (V-5)
_c : IRs.150.00
020 _a8170741394 (v-7)
020 _c: IRs.200.00 (V-8)
020 _a8170741637 (V-9)
035 _a(BD-RjUL)45143
040 _aBD-RjUL
_bben
_cBD-RjUL
_dBD-RjUL
041 _aben
082 _223
_a954.14
_bITI 1993
245 1 0 _aইতিহাস-অনুসন্ধান /
_cসম্পাদক : গৌতম চট্টোপাধ্যায়, আবদুল ওয়াহাব মাহমুদ
260 _aকলকাতা :
_bকে পি বাগচী এ্যাণ্ড কোম্পানী ;
_bপশ্চিমবঙ্গ ইতিহাস সংসদ,
_c১৯৮৭-৯৪
300 _a খন্ড. ;
_c২২ সেমি.
505 0 _aখন্ড. ২. -- পশ্চিমবঙ্গ ইতিহাস সংগঠনের তৃতীয় বার্ষিক সম্মেলনে পঠিত প্রবন্ধাবলী -- খন্ড. ৩. পশ্চিমবঙ্গ ইতিহাস সংগঠনের চতুর্থ বার্ষিক সম্মেলনে পঠিত প্রবন্ধাবলী -- খণ্ড. ৪ পশ্চিমবঙ্গ ইতিহাস সংসদের চতুর্থ বার্ষিক সম্মেলন পঠিত প্রবন্ধাবলী -- খন্ড. ৫. পশ্চিমবঙ্গ ইতিহাস সংগঠনের ষষ্ঠ বার্ষিক সম্মেলনে পঠিত প্রবন্ধাবলী --খন্ড. ৬. পশ্চিমবঙ্গ ইতিহাস সংগঠনের সপ্তম বার্ষিক সম্মেলনে পঠিত প্রবন্ধাবলী -- খণ্ড ৭. পশ্চিমবঙ্গ ইতিহাস সংসদের অষ্টম বার্ষিক সম্মেলনে পঠিত প্রবন্ধাবলী -- খন্ড. ৮. পশ্চিমবঙ্গ ইতিহাস সংগঠনের নবম বার্ষিক সম্মেলনে পঠিত প্রবন্ধাবলী -- খন্ড. ৯. পশ্চিমবঙ্গ ইতিহাস সংগঠনের দশম বার্ষিক সম্মেলনে পঠিত প্রবন্ধাবলী --
650 _aইতিহাস
_9137958
_zভারত
_zপশ্চিমবঙ্গ
650 _aHistory
_zIndia
_zWest Bengal
_9137959
700 _aচট্টোপাধ্যায়, গৌতম, সম্পাদক
_9238694
700 _aমাহমুদ, আবদুল ওয়াহাব, সম্পাদক
_9238695
942 _2ddc
_cBK
999 _c45025
_d45025